000 00277nam a2200121Ia 4500
008 240624s9999 xx 000 0 und d
041 _aeng
082 _a363.72 DOR
100 _aDORON ASSA
245 _aWASTE OF A NATION
260 _c2018
_aCambridge
_bHARVARD
365 _cRS
999 _c32505
_d32505